Thunderstorms / (Record no. 1876)

MARC details
000 -LEADER
fixed length control field 01056cam a2200301 a 4500
001 - CONTROL NUMBER
control field 1876
003 - CONTROL NUMBER IDENTIFIER
control field FISKH
005 - DATE AND TIME OF LATEST TRANSACTION
control field 20231006113239.0
008 - FIXED-LENGTH DATA ELEMENTS--GENERAL INFORMATION
fixed length control field 080331s2009 nyuab j b 001 0 eng
010 ## - LIBRARY OF CONGRESS CONTROL NUMBER
LC control number 2008014790
020 ## - INTERNATIONAL STANDARD BOOK NUMBER
International Standard Book Number 9780531213520
040 ## - CATALOGING SOURCE
Original cataloging agency DLC
Transcribing agency DLC
Modifying agency DLC
Language of cataloging eng
050 00 - LIBRARY OF CONGRESS CALL NUMBER
Classification number QC968.2
Item number .S85 2009
082 00 - DEWEY DECIMAL CLASSIFICATION NUMBER
Classification number 551.55/4
Edition number 22
100 1# - MAIN ENTRY--PERSONAL NAME
Personal name Stiefel, Chana,
Dates associated with a name 1968-
245 10 - TITLE STATEMENT
Title Thunderstorms /
Statement of responsibility, etc. by Chana Stiefel.
260 ## - PUBLICATION, DISTRIBUTION, ETC.
Place of publication, distribution, etc. New York :
Name of publisher, distributor, etc. Scholastic,
Date of publication, distribution, etc. 2009.
300 ## - PHYSICAL DESCRIPTION
Extent 48 pages :
Other physical details color illustrations ; map ;
Dimensions 22 cm.
490 1# - SERIES STATEMENT
Series statement A true book
505 0# - FORMATTED CONTENTS NOTE
Formatted contents note O<br/>
520 ## - SUMMARY, ETC.
Summary, etc. Learn all about thunderstorms, tornadoes, waterspouts, and how to survive them , also includes some amazing facts.
521 8# - TARGET AUDIENCE NOTE
Target audience note 620<br/>
Source Lexile<br/>
521 8# - TARGET AUDIENCE NOTE
Target audience note O<br/>
Source Raz-Plus<br/>
650 #0 - SUBJECT ADDED ENTRY--TOPICAL TERM
Topical term or geographic name entry element Thunderstorms
Form subdivision Juvenile literature.
906 ## - LOCAL DATA ELEMENT F, LDF (RLIN)
a 7
b cbc
c orignew
d 1
e ecip
f 20
g y-gencatlg
942 ## - ADDED ENTRY ELEMENTS (KOHA)
Source of classification or shelving scheme Dewey Decimal Classification
Koha item type Books
Suppress in OPAC No
Holdings
Withdrawn status Lost status Source of classification or shelving scheme Damaged status Not for loan Collection Home library Current library Shelving location Date acquired Total Checkouts Full call number Barcode Date last seen Date last checked out Copy number Price effective from Koha item type
    Dewey Decimal Classification     Non-Fiction Footprints International School Library Network Toul Kork Campus Footprints International School Library Network Toul Kork Campus TK Primary Library Room(4th Floor), Bookcase 3&4, Shelves 17-32, Yellow Books 10/06/2023 1 STI 551.55 QC968.2 FISTK01249 06/04/2024 10/23/2023 1 10/06/2023 Books
    Dewey Decimal Classification     Non-Fiction Footprints International School Library Network Toul Tom Poung Campus Footprints International School Library Network Toul Tom Poung Campus TTP Primary Yellow Bookshelves 06/19/2025   STI 551.55 QC968.2 FISBK05957 06/19/2025   2 06/19/2025 Books